LEADER 04190nam 2200661 450 001 996466712703316 005 20220228161306.0 010 $a3-540-45837-9 024 7 $a10.1007/3-540-45837-9 035 $a(CKB)1000000000778062 035 $a(EBL)3061856 035 $a(SSID)ssj0000321700 035 $a(PQKBManifestationID)11257598 035 $a(PQKBTitleCode)TC0000321700 035 $a(PQKBWorkID)10279793 035 $a(PQKB)10559586 035 $a(DE-He213)978-3-540-45837-1 035 $a(MiAaPQ)EBC3061856 035 $a(MiAaPQ)EBC6853454 035 $a(Au-PeEL)EBL6853454 035 $a(OCoLC)1170896996 035 $a(PPN)155172263 035 $a(EXLCZ)991000000000778062 100 $a20220228d2002 uy 0 101 0 $aeng 135 $aur|n|---||||| 181 $ctxt 182 $cc 183 $acr 200 00$aBridging time scales $emolecular simulations for the next decade /$fP. Nielaba, M. Mareschal, G. Ciccotti (editors) 205 $a1st ed. 2002. 210 1$aBerlin, Germany ;$aNew York, New York :$cSpringer-Verlag,$d[2002] 210 4$d©2002 215 $a1 online resource (497 p.) 225 1 $aLecture Notes in Physics,$x0075-8450 ;$v605 300 $aDescription based upon print version of record. 311 $a3-540-44317-7 320 $aIncludes bibliographical references. 327 $aProtein Folding -- Sidechain Dynamics and Protein Folding -- Applications of Statistical Mechanics to Biological Systems -- A Coarse Grain Model for Lipid Monolayer and Bilayer Studies -- Polymer Structure and Dynamics -- Variable-Connectivity Monte Carlo Algorithms for the Atomistic Simulation of Long-Chain Polymer Systems -- Bridging the Time Scale Gap: How Does Foldable Polymer Navigate Its Conformation Space? -- Multiscale Computer Simulations for Polymeric Materials in Bulk and Near Surfaces -- Complex and Mesoscopic Fluids -- Effective Interactions for Large-Scale Simulations of Complex Fluids -- Slow Dynamics and Reactivity -- Simulation of Models for the Glass Transition: Is There Progress? -- Lattice Models -- Monte Carlo Methods for Bridging the Timescale Gap -- Go-with-the-Flow Lattice Boltzmann Methods for Tracer Dynamics -- Multiscale Modelling in Materials Science -- Atomistic Simulations of Solid Friction -- Methodological Developments in MD and MC -- Bridging the Time Scale Gap with Transition Path Sampling -- The Stochastic Difference Equation as a Tool to Compute Long Time Dynamics -- Numerical Simulations of Molecular Systems with Long Range Interactions -- Perpectives in ab initio MD -- New Developments in Plane-Wave Based ab initio Calculations -- Time and Length Scales in ab initio Molecular Dynamics -- Quantum Simulations -- A Statistical Mechanical Theory of Quantum Dynamics in Classical Environments -- The Coupled Electronic-Ionic Monte Carlo Simulation Method. 330 $aThe behaviour of many complex materials extends over time- and lengthscales well beyond those that can normally be described using standard molecular dynamics or Monte Carlo simulation techniques. As progress is coming more through refined simulation methods than from increased computer power, this volume is intended as both an introduction and a review of all relevant modern methods that will shape molecular simulation in the forthcoming decade. Written as a set of tutorial reviews, the book will be of use to specialists and nonspecialists alike. 410 0$aLecture Notes in Physics,$x0075-8450 ;$v605 606 $aChemistry, Physical and theoretical$xComputer simulation 606 $aMolecular dynamics$xComputer simulation 606 $aMolecules$xComputer simulation 615 0$aChemistry, Physical and theoretical$xComputer simulation. 615 0$aMolecular dynamics$xComputer simulation. 615 0$aMolecules$xComputer simulation. 676 $a539.60113 702 $aMareschal$b Michel 702 $aCiccotti$b Giovanni 702 $aNielaba$b P$g(Peter),$f1959- 801 0$bMiAaPQ 801 1$bMiAaPQ 801 2$bMiAaPQ 906 $aBOOK 912 $a996466712703316 996 $aBridging time scales$91106322 997 $aUNISA LEADER 03784nam 2200709Ia 450 001 9910779590403321 005 20130228224912.0 010 $a1-78190-538-X 010 $a1-299-05041-7 035 $a(CKB)2550000001003960 035 $a(EBL)1123226 035 $a(OCoLC)828299209 035 $a(SSID)ssj0000906512 035 $a(PQKBManifestationID)11507970 035 $a(PQKBTitleCode)TC0000906512 035 $a(PQKBWorkID)10843831 035 $a(PQKB)10798153 035 $a(MiAaPQ)EBC1123226 035 $a(Au-PeEL)EBL1123226 035 $a(CaPaEBR)ebr10654604 035 $a(CaONFJC)MIL436291 035 $a(OCoLC)828709720 035 $a(UtOrBLW)bslw09019794 035 $a(PPN)187305315 035 $a(EXLCZ)992550000001003960 100 $a20130228d2013 uy 0 101 0 $aeng 135 $aurun||||||||| 181 $ctxt 182 $cc 183 $acr 200 00$aClass and stratification analysis$b[electronic resource] /$fedited by Gunn Elisabeth Birkelund 205 $a1st ed. 210 $aBingley $cEmerald$d2013 215 $a1 online resource (400 p.) 225 1 $aComparative social research,$x0195-6310 ;$vv. 30 300 $aDescription based upon print version of record. 311 $a1-78190-537-1 320 $aIncludes bibliographical references. 327 $aIntroduction / Gunn Elisabeth Birkelund -- Class, occupation, wages, and skills : the iron law of labor market inequality / Carl le Grand, Michael Tåhlin -- Educational choices and social interactions : a formal model and a computational test / Gianluca Manzo -- Occupational standing and occupational stratification by cognitive ability / Min-Hsiung Huang -- Analysing intergenerational transmissions : from social mobility to social reproduction / Steffen Hillmert -- Inching up : the labour market position of the second-generation immigrants in Britain and the United States (1990-2000) / Yaojun Li -- Lifestyles and social stratification : an explorative study of France and Norway / Gunn Elisabeth Birkelund, Yannick Lemel -- From abstract to concrete : the practical relevance of parents' economic and cultural capital for persistence in higher education / Liza Reisel -- Completion of upper secondary education : what mechanisms are at stake? / Martin D. Munk -- Identifying and explaining hidden disadvantage within the non-manual group in higher education access / Delma Byrne, Selina McCoy -- Measuring social inequality in educational attainment / Ottar Hellevik -- Reproduction of economic inequalities : are the figures for the United States and United Kingdom too high? / Gary N. Marks -- The international standard classification of education 2011 / Silke L. Schneider. 330 $aThis volume of Comparative Social Research emphasizes unsolved issues and new developments within class and stratification analysis, discussing both theoretical and methodological innovations and revisions. 410 0$aComparative social research ;$vv. 30. 606 $aSocial Science$xResearch$2bisacsh 606 $aSocial Science$xGeneral$2bisacsh 606 $aSocial classes$2bicssc 606 $aSocial research & statistics$2bicssc 606 $aSocial classes$xResearch 606 $aSocial stratification$xResearch 615 7$aSocial Science$xResearch. 615 7$aSocial Science$xGeneral. 615 7$aSocial classes. 615 7$aSocial research & statistics. 615 0$aSocial classes$xResearch. 615 0$aSocial stratification$xResearch. 676 $a305.5 701 $aBirkelund$b Gunn Elisabeth$01548074 801 0$bUtOrBLW 801 1$bUtOrBLW 906 $aBOOK 912 $a9910779590403321 996 $aClass and stratification analysis$93804874 997 $aUNINA